Online katalóg knižníc regiónu Turca

Med a jeho využitie v domácnosti (Record no. 20318)

MARC details
000 -LEADER
fixed length control field 00888nam a22002893a 4500
001 - CONTROL NUMBER
control field 20318
003 - CONTROL NUMBER IDENTIFIER
control field VRT
005 - DATE AND TIME OF LATEST TRANSACTION
control field 20260121123107.0
008 - FIXED-LENGTH DATA ELEMENTS--GENERAL INFORMATION
fixed length control field 231218s1978 xo oa ||| 0 slo d
035 ## - SYSTEM CONTROL NUMBER
System control number a000737541
040 ## - CATALOGING SOURCE
Original cataloging agency UKB
Language of cataloging slo
Transcribing agency UKB
Description conventions AACR2
041 0# - LANGUAGE CODE
Language code of text/sound track or separate title slo
044 ## - COUNTRY OF PUBLISHING/PRODUCING ENTITY CODE
MARC country code xo
ISO country code SK
100 1# - MAIN ENTRY--PERSONAL NAME
Personal name Luptovská-Horečná, Klotilda
245 10 - TITLE STATEMENT
Title Med a jeho využitie v domácnosti
Statement of responsibility, etc. Klotilda Luptovská-Horečná ; kresby vyhot. Anton Jurík ; fotogr. vyhot. Gustáv Kostelný
250 ## - EDITION STATEMENT
Edition statement 3., dopl. vyd.
260 ## - PUBLICATION, DISTRIBUTION, ETC.
Place of publication, distribution, etc. Bratislava
Name of publisher, distributor, etc. Príroda
Date of publication, distribution, etc. 1978
300 ## - PHYSICAL DESCRIPTION
Extent 354 s., [8] s. fareb. obr. príl.
490 1# - SERIES STATEMENT
Series statement Knižnica včelára
700 1# - ADDED ENTRY--PERSONAL NAME
Personal name Jurík, Anton
Relationship ill
700 1# - ADDED ENTRY--PERSONAL NAME
Personal name Kostelný, Gustáv
Relationship pht
830 #0 - SERIES ADDED ENTRY--UNIFORM TITLE
Uniform title Knižnica včelára
910 ## - USER-OPTION DATA (OCLC)
User-option data ukb
942 ## - ADDED ENTRY ELEMENTS (KOHA)
Source of classification or shelving scheme Dewey Decimal Classification
Koha item type Odborná literatúra pre dospelých
Suppress in OPAC No
949 ## - LOCAL PROCESSING INFORMATION (OCLC)
6 1291768
a 24.D.57471
b PV.15037-78
949 ## - LOCAL PROCESSING INFORMATION (OCLC)
6 1291769
a S.D.66234
b PV.15038-78
Holdings
Stav vyradenia Strata Poškodenie Spôsob nadobudnutia Domovská knižnica Aktuálna knižnica Dátum nadobudnutia Total checkouts Čiarový kód exemplára Date last seen Typ exemplára
      Dar Obecná knižnica Horná Štubňa Obecná knižnica Horná Štubňa 21.01.2026   4736200356 21.01.2026 Odborná literatúra pre dospelých
Projekt je podporený Slovenskou asociáciou knižníc
Prevádzkuje Turčianska knižnica Martin 2026